000 00357nam a2200145Ia 4500
008 221007s9999 xx 000 0 und d
041 _aeng
082 _bSHA
100 _aSharma A (2K4224)
_9102189
245 _aSales and After Sales Services
260 _c2006
_bPune University
_aPune
300 _a99p
520 _aRamdasi Mahesh
906 _bGeneral
999 _c69350
_d69350